Impresiones de fin de siglo. La expansión de la cultura impresa en Nicaragua y Costa Rica 1880 - 1914 /

Guardado en:
Bibliografiske detaljer
Hovedforfatter: Molina Jiménez, Iván
Format: Texto
Fag:
Tags: Tilføj Tag
Ingen Tags, Vær først til at tagge denne postø!

MARC

LEADER 00000 a a2200000 04500
001 15674
003
040
100 |a Molina Jiménez, Iván  
245 |a Impresiones de fin de siglo. La expansión de la cultura impresa en Nicaragua y Costa Rica 1880 - 1914 /  |c Iván Molina Jiménez 
650 |a PUBLICACIONES  
650 |a PUBLICACIONES PERIODICAS  
650 |a LIBROS  
773 |g número 5 -6; páginas 30-38  
999 |c 24959  |d 24959